000 00386nam a22001217a 4500
040 _cRUA
082 _aBAS នុត 2021 A126 Or.
100 _aនុត សាឡន
245 _aBasic of computer, មូលដ្ឋានគ្រីះនៃកុំព្យូទ័រ
260 _aRUA
_bPhnome Penh
_c2021
300 _aviii,
_bill,
_c29cm,
942 _cសៀវភៅគោល
999 _c25429
_d25429